<?xml version="1.0" encoding="UTF-8"?>
<record
    xmlns:xsi="http://www.w3.org/2001/XMLSchema-instance"
    xsi:schemaLocation="http://www.loc.gov/MARC21/slim http://www.loc.gov/standards/marcxml/schema/MARC21slim.xsd"
    xmlns="http://www.loc.gov/MARC21/slim">

  <leader>04860cam a2200409   4500500</leader>
  <controlfield tag="005">20260524000726.0</controlfield>
  <datafield tag="041" ind1=" " ind2=" ">
    <subfield code="a">fre</subfield>
  </datafield>
  <datafield tag="042" ind1=" " ind2=" ">
    <subfield code="a">dc</subfield>
  </datafield>
  <datafield tag="100" ind1="1" ind2="0">
    <subfield code="a">Duroch, Fran&#xE7;oise</subfield>
    <subfield code="e">author</subfield>
  </datafield>
  <datafield tag="245" ind1="0" ind2="0">
    <subfield code="a">Violences sexuelles en R&#xE9;publique D&#xE9;mocratique du Congo&#xA0;: r&#xE9;sistances et appropriations institutionnelles par les ONG</subfield>
  </datafield>
  <datafield tag="260" ind1=" " ind2=" ">
    <subfield code="c">2010.
							</subfield>
  </datafield>
  <datafield tag="500" ind1=" " ind2=" ">
    <subfield code="a">96</subfield>
  </datafield>
  <datafield tag="520" ind1=" " ind2=" ">
    <subfield code="a">R&#xE9;sum&#xE9;Ce travail se propose d&#x2019;analyser les processus d&#x2019;apprentissage de l&#x2019;organisation humanitaire M&#xE9;decins Sans Fronti&#xE8;res (MSF) autour de la notion de victimes de violences sexuelles. Une premi&#xE8;re partie est consacr&#xE9;e &#xE0; un essai conceptuel et critique des concepts de victimes de viols, notamment dans le champ des sciences sociales, ainsi qu&#x2019;&#xE0; une introduction &#xE0; l&#x2019;histoire de la R&#xE9;publique D&#xE9;mocratique du Congo (RDC). La deuxi&#xE8;me partie porte sur l&#x2019;&#xE9;tude qualitative d&#x2019;une des plus importantes interventions de l&#x2019;organisation MSF &#xE0; l&#x2019;Est de la RDC en faveur des victimes de violences sexuelles. 2695 anamn&#xE8;ses m&#xE9;dicales de patients re&#xE7;us par l&#x2019;organisation ont &#xE9;t&#xE9; &#xE9;tudi&#xE9;es afin de comprendre le ph&#xE9;nom&#xE8;ne des viols de masse dans cette r&#xE9;gion, des entretiens semi-directifs ont &#xE9;galement &#xE9;t&#xE9; men&#xE9;s avec les volontaires et cadres de l&#x2019;organisation participant &#xE0; la mise en &#x153;uvre de ce type d&#x2019;op&#xE9;ration. Un dernier volet d&#xE9;crit les &#xE9;l&#xE9;ments qui ont conduit MSF &#xE0; consid&#xE9;rer le ph&#xE9;nom&#xE8;ne des violences sexuelles sur ses terrains d&#x2019;interventions ainsi que les processus d&#x2019;appropriation et de r&#xE9;sistance de l&#x2019;organisation vis-&#xE0;-vis de ces probl&#xE9;matiques.</subfield>
  </datafield>
  <datafield tag="520" ind1=" " ind2=" ">
    <subfield code="a">Sexual violence in the Democratic Republic of Congo&#xA0;: institutional resistance and claims from NGO&#x2019;sThis work offers to analyse the learning process of the humanitarian organization M&#xE9;decins Sans Fronti&#xE8;re (Doctors Without Borders / MSF) around the notions of victims of sexual violence. The first part is dedicated to a conceptual and critical essay on the concepts of rape victims, in particular in the field of social sciences, as well as to an introduction to the history of the Democratic Republic of Congo (DRC). The second part of the study presents a qualitative study of one MSF&#x2019;s most important intervention in Eastern DRC in favour of victims of sexual violence. The medical anamnesis of 2695 patients received by the organisation were studied in order to understand the phenomenon of massive rapes in this region&#xA0;; semi-directive interviews have also been conducted with volunteers and managers of the organization participating to the development of this type of operations. The last section describes the elements which have led MSF to consider the phenomenon of sexual violence in its fields of interventions, as well as the organization&#x2019;s appropriation and resistance processes vis-&#xE0;-vis these issues.</subfield>
  </datafield>
  <datafield tag="520" ind1=" " ind2=" ">
    <subfield code="a">ResumenEste trabajo tiene por objetivo analizar los procesos de aprendizaje de la organizaci&#xF3;n humanitaria M&#xE9;dicos sin Fronteras (MSF) alrededor de la noci&#xF3;n de v&#xED;ctimas de violencia sexual. Una primera parte est&#xE1; dedicada a un ensayo conceptual y cr&#xED;tico de los conceptos de victima de violaciones, sobre todo en el campo de las ciencias sociales, as&#xED; como una introducci&#xF3;n a la historia de la Republica Democr&#xE1;tica del Congo (RDC). La segunda parte comprende un estudio cualitativo de una de las m&#xE1;s importantes intervenciones de la organizaci&#xF3;n MSF al este de la RDC en favor de las v&#xED;ctimas de violencia sexual. 2695 anamnesis m&#xE9;dicas de pacientes recibidas por la organizaci&#xF3;n fueron estudiadas con el fin de entender el fen&#xF3;meno de las violaciones en masa en esta regi&#xF3;n, se hicieron tambi&#xE9;n entrevistas semidirigidas con los voluntarios et directivos de la organizaci&#xF3;n que participaban al montaje de esta operaci&#xF3;n. La &#xFA;ltima parte describe los elementos que condujeron a MSF a considerar el fen&#xF3;meno de la violencia sexual en sus terrenos de intervenci&#xF3;n, as&#xED; como los procesos de apropiaci&#xF3;n y de resistencia de la organizaci&#xF3;n frente a esta problem&#xE1;tica.</subfield>
  </datafield>
  <datafield tag="690" ind1=" " ind2=" ">
    <subfield code="a">apprentissage organisationnel</subfield>
  </datafield>
  <datafield tag="690" ind1=" " ind2=" ">
    <subfield code="a">M&#xE9;decins Sans Fronti&#xE8;res</subfield>
  </datafield>
  <datafield tag="690" ind1=" " ind2=" ">
    <subfield code="a">MSF</subfield>
  </datafield>
  <datafield tag="690" ind1=" " ind2=" ">
    <subfield code="a">Organisation humanitaire</subfield>
  </datafield>
  <datafield tag="690" ind1=" " ind2=" ">
    <subfield code="a">RDC</subfield>
  </datafield>
  <datafield tag="690" ind1=" " ind2=" ">
    <subfield code="a">R&#xE9;publique D&#xE9;mocratique du Congo</subfield>
  </datafield>
  <datafield tag="690" ind1=" " ind2=" ">
    <subfield code="a">Victimes</subfield>
  </datafield>
  <datafield tag="690" ind1=" " ind2=" ">
    <subfield code="a">violences sexuelles</subfield>
  </datafield>
  <datafield tag="690" ind1=" " ind2=" ">
    <subfield code="a">viols</subfield>
  </datafield>
  <datafield tag="690" ind1=" " ind2=" ">
    <subfield code="a">Doctors without Borders</subfield>
  </datafield>
  <datafield tag="690" ind1=" " ind2=" ">
    <subfield code="a">DRC</subfield>
  </datafield>
  <datafield tag="690" ind1=" " ind2=" ">
    <subfield code="a">humanitarian organization</subfield>
  </datafield>
  <datafield tag="690" ind1=" " ind2=" ">
    <subfield code="a">M&#xE9;decins Sans Fronti&#xE8;res</subfield>
  </datafield>
  <datafield tag="690" ind1=" " ind2=" ">
    <subfield code="a">MSF</subfield>
  </datafield>
  <datafield tag="690" ind1=" " ind2=" ">
    <subfield code="a">organisational learning</subfield>
  </datafield>
  <datafield tag="690" ind1=" " ind2=" ">
    <subfield code="a">rapes</subfield>
  </datafield>
  <datafield tag="690" ind1=" " ind2=" ">
    <subfield code="a">Republic Democratic of Congo</subfield>
  </datafield>
  <datafield tag="690" ind1=" " ind2=" ">
    <subfield code="a">sexual violence</subfield>
  </datafield>
  <datafield tag="690" ind1=" " ind2=" ">
    <subfield code="a">Victims</subfield>
  </datafield>
  <datafield tag="786" ind1="0" ind2=" ">
    <subfield code="n">L'autre | Volume 11 | 2 | 2010-06-01 | p. 207-210 | 1626-5378</subfield>
  </datafield>
  <datafield tag="856" ind1="4" ind2="1">
    <subfield code="u">https://shs.cairn.info/revue-l-autre-2010-2-page-207?lang=fr&amp;redirect-ssocas=7080</subfield>
  </datafield>
  <datafield tag="999" ind1=" " ind2=" ">
    <subfield code="c">2253010</subfield>
    <subfield code="d">2253010</subfield>
  </datafield>
</record>
